<?xml version="1.0" encoding="UTF-8"?>
<record
    xmlns:xsi="http://www.w3.org/2001/XMLSchema-instance"
    xsi:schemaLocation="http://www.loc.gov/MARC21/slim http://www.loc.gov/standards/marcxml/schema/MARC21slim.xsd"
    xmlns="http://www.loc.gov/MARC21/slim">

  <leader>04557nam a22002897a 4500</leader>
  <controlfield tag="001">013655417</controlfield>
  <controlfield tag="003">OSt</controlfield>
  <controlfield tag="005">20220906140354.0</controlfield>
  <controlfield tag="008">070129s2008    enka          000 0 eng d</controlfield>
  <datafield tag="010" ind1=" " ind2=" ">
    <subfield code="a">2006101508</subfield>
  </datafield>
  <datafield tag="020" ind1=" " ind2=" ">
    <subfield code="a">9780131713109</subfield>
  </datafield>
  <datafield tag="020" ind1=" " ind2=" ">
    <subfield code="a">0131713108</subfield>
  </datafield>
  <datafield tag="040" ind1=" " ind2=" ">
    <subfield code="c">LC</subfield>
  </datafield>
  <datafield tag="050" ind1=" " ind2=" ">
    <subfield code="a">RT41.M49</subfield>
  </datafield>
  <datafield tag="100" ind1=" " ind2=" ">
    <subfield code="a">LeMone, Priscilla </subfield>
    <subfield code="9">211</subfield>
  </datafield>
  <datafield tag="245" ind1=" " ind2=" ">
    <subfield code="a">Medical-surgical nursing: critical thinking for collaborative care. /</subfield>
    <subfield code="c">Priscilla LeMone, Karen Burke.</subfield>
  </datafield>
  <datafield tag="250" ind1=" " ind2=" ">
    <subfield code="a">4th ed.</subfield>
  </datafield>
  <datafield tag="260" ind1=" " ind2=" ">
    <subfield code="a">Upper Saddle River, New Jersey:</subfield>
    <subfield code="b">Prentice Hall,</subfield>
    <subfield code="c">2008.</subfield>
  </datafield>
  <datafield tag="300" ind1=" " ind2=" ">
    <subfield code="a">xxxviii, 1853 p. :</subfield>
    <subfield code="b"> ill. ; </subfield>
    <subfield code="c">28 cm.</subfield>
  </datafield>
  <datafield tag="504" ind1=" " ind2=" ">
    <subfield code="a">Includes bibliographical references and index.</subfield>
  </datafield>
  <datafield tag="505" ind1=" " ind2=" ">
    <subfield code="a">Contents: Medical-surgical nursing practice: Dimensions of medical-surgical nursing -- Medical surgical nursing -- Health and illness in the adult client -- Community-based and home care of the adult client -- Alterations in patterns of health: Nursing care of clients having surgery -- Nursing care of clients experiencing loss, grief, and death -- Nursing care of clients with problems of substance abuse -- Nursing care of clients experiencing disasters -- Pathophysiology and patterns of health: Genetic implications of adult health nursing -- Nursing care of clients experiencing pain -- Nursing care of clients with altered fluid, electrolyte, and acid-base balance -- Nursing care of clients experiencing trauma and shock -- Nursing care of clients with infections -- Nursing care of clients with altered immunity -- Nursing care of clients with cancer
Nutritional and metabolic patterns: Responses to altered integumentary structure and function: Assessing clients with integumentary disorders -- Nursing care of clients with integumentary disorders -- Nursing care of clients with burns: Responses to altered endocrine disorders --  Assessing clients with endocrine disorders -- Nursing care of clients with endocrine disorders -- Nursing care clients with diabetes mellitus -- Responses to altered nutrition: Assessing clients with nutritional and gastrointestinal disorders -- Nursing care of clients with nutritional disorders -- Nursing care of clients with upper gastrointestinal disorders -- Nursing care of clients with gallbladder, liver, and pancreatic disorders -- Elimination patterns: Responses to altered bowel elimination: Assessing clients with bowel elimination disorders -- Nursing care of clients with bowel disorders -- Responses to altered urinary elimination: Assessing clients with urinary elimination disorders -- Nursing care of clients with urinary tract disorders -- Nursing care of clients with kidney disorders -- Activity and exercise patterns: Responses to altered cardiac function: Assessing clients with cardiac disorders -- Nursing care of clients with coronary heart disease -- Nursing care of clients with cardiac disorders -- Responses to altered peripheral tissue perfusion: Assessing clients with hematologic, peripheral vascular, and lymphatic disorders -- Nursing care of clients with hematologic disorders -- Nursing care of clients with peripheral vascular disorders -- Responses to altered respiratory function: Assessing clients with respiratory disorders -- Nursing care of clients with upper respiratory disorders -- Nursing care of clients with ventilation disorders -- Nursing care of clients with gas exchange disorders -- Responses to altered musculoskeletal disorders: Assessing clients with musculoskeletal disorders -- Nursing care of clients with musculoskeletal trauma -- Nursing care of clients with musculoskeletal disorders -- Cognitive and perceptual patterns: Responses to altered neurologic function: Assessing clients with neurologic disorders -- Nursing care of clients with intracranial disorders -- Nursing care of clients with cerebrovascular and spinal cord disorders -- Nursing care of clients with neurologic disorders -- Responses to altered visual and auditory function: Assessing clients with eye and ear disorders -- Nursing care of clients with eye and ear disorders -- Sexuality and reproductive patterns: Responses to altered reproductive function: Assessing clients with reproductive system and breast disorders -- Nursing care of men with reproductive system and breast disorders -- Nursing care of women with reproductive system and breast disorders -- Nursing care of clients with sexually transmitted infections --</subfield>
  </datafield>
  <datafield tag="650" ind1=" " ind2=" ">
    <subfield code="v">Nursing</subfield>
    <subfield code="9">102</subfield>
  </datafield>
  <datafield tag="650" ind1=" " ind2=" ">
    <subfield code="v">Surgical nursing</subfield>
    <subfield code="9">97</subfield>
  </datafield>
  <datafield tag="650" ind1=" " ind2=" ">
    <subfield code="v">Critical thinking</subfield>
    <subfield code="9">103</subfield>
  </datafield>
  <datafield tag="700" ind1=" " ind2=" ">
    <subfield code="a">Burke, Karen </subfield>
    <subfield code="9">360</subfield>
  </datafield>
  <datafield tag="942" ind1=" " ind2=" ">
    <subfield code="2">lcc</subfield>
    <subfield code="c">BK</subfield>
  </datafield>
  <datafield tag="999" ind1=" " ind2=" ">
    <subfield code="c">9205</subfield>
    <subfield code="d">16705</subfield>
  </datafield>
  <datafield tag="952" ind1=" " ind2=" ">
    <subfield code="0">0</subfield>
    <subfield code="1">0</subfield>
    <subfield code="2">lcc</subfield>
    <subfield code="4">0</subfield>
    <subfield code="7">0</subfield>
    <subfield code="a">WIUC-KL</subfield>
    <subfield code="b">WIUC-KL</subfield>
    <subfield code="c">NURS L.</subfield>
    <subfield code="d">2019-11-28</subfield>
    <subfield code="l">0</subfield>
    <subfield code="o">RT41.M49(4e)</subfield>
    <subfield code="p">KSN/856/856/19</subfield>
    <subfield code="r">2022-09-06 00:00:00</subfield>
    <subfield code="w">2022-09-06</subfield>
    <subfield code="y">BK</subfield>
  </datafield>
</record>
